Historia moderna de México : la República restaurada : la vida económica /

Guardado en:
書目詳細資料
主要作者: Calderón, Francisco R. (autor)
其他作者: Cosío Villegas, Daniel (dirección) (dirección)
格式: 圖書
語言:西班牙语
出版: México : Hermes, 1973, c1973
標簽: 添加標簽
沒有標簽, 成為第一個標記此記錄!

MARC

LEADER 00000nam^a2200000^a^4500
001 000572533
005 20250521000000.0
009 20260310132311.342
037 |a Acervo ITESO - Biblioteca 
041 |a ESP 
091 |a FGM. 04666 
100 |a Calderón, Francisco R.  |e (autor) 
245 1 0 |a Historia moderna de México :  |b la República restaurada : la vida económica / 
264 4 |a México :  |b Hermes,  |c 1973, c1973 
300 |a 812 p. 
336 |a texto  |b txt  |2 rdacontenido 
337 |a sin mediación  |b n  |2 rdamedio 
338 |a volumen  |b nc  |2 rdasoporte 
649 |a XX 
700 |a Cosío Villegas, Daniel  |e (dirección) 
910 |a Fondo Efraín González Morfín 
920 |a Impresos - Libros 
930 |a Fondos Especiales 
905 |a 130 
901 |a 0500394213  |b IT2  |c ESL  |i D87119  |u 20250521 
902 |a https://opac.biblio.iteso.mx/vufind/Record/000572533